[Event "III Open Oro Caffe'"]
[Site "Udine ITA"]
[Date "2010.07.07"]
[Round "3"]
[White "Cicioni, Luigi"]
[Black "Bozza, Stefano"]
[Result "0-1"]
[WhiteElo "1827"]
[BlackElo "1830"]
[PlyCount "98"]
[EventDate "2010.07.05"]

1. e4 e5 2. Bc4 Nf6 3. d4 exd4 4. Nf3 Bc5 5. Nxd4 Bxd4 6. Qxd4 Nc6 7. Qe3 d6 8.
Nc3 Be6 9. Bb3 Qd7 10. h3 a6 11. Nd5 O-O-O 12. c4 Rde8 13. O-O Bxd5 14. cxd5
Nb8 15. f3 h6 16. Qd4 Qe7 17. Bd2 Qe5 18. Qxe5 dxe5 19. Rac1 Nbd7 20. d6 c6 21.
Bxf7 Rd8 22. Ba5 Rdf8 23. Be6 Re8 24. Bf7 Ref8 25. Bg6 Ne8 26. Bxe8 Rxe8 27. f4
Rhf8 28. fxe5 Nxe5 29. Bc3 Rf6 30. Rf5 Rxf5 31. exf5 Kd7 32. Rd1 h5 33. Kf2 g5
34. Bxe5 Rxe5 35. g4 hxg4 36. hxg4 Re4 37. Kf3 Rf4+ 38. Kg3 a5 39. Rd3 b5 40.
Rf3 Rxf3+ 41. Kxf3 Kxd6 42. Ke4 a4 43. Kd4 c5+ 44. Ke4 b4 45. f6 Ke6 46. f7
Kxf7 47. Kd5 Kf6 48. Kd6 c4 49. Kd5 c3 0-1

[Event "III Open Oro Caffe'"]
[Site "Udine ITA"]
[Date "2010.07.07"]
[Round "3"]
[White "De Val, Tarcisio"]
[Black "Gentile, Bruno"]
[Result "1-0"]
[WhiteElo "1615"]
[BlackElo "1305"]
[PlyCount "50"]
[EventDate "2010.07.05"]

1. e4 c5 2. Nf3 e6 3. d4 cxd4 4. Nxd4 a6 5. Nc3 Qc7 6. Be2 Nf6 7. Be3 Nc6 8. f4
Bc5 9. Nxe6 dxe6 10. Bxc5 Qxf4 11. g3 Qe5 12. Bd6 Qa5 13. Qd2 Bd7 14. O-O-O Rd8
15. g4 h6 16. h4 h5 17. g5 Ng4 18. Bxg4 hxg4 19. h5 Qb6 20. Na4 Qb5 21. Nc5 Nb4
22. a3 Qa5 23. Qxb4 Qxb4 24. axb4 Bc6 25. h6 Rh7 1-0

[Event "III Open Oro Caffe'"]
[Site "Udine ITA"]
[Date "2010.07.07"]
[Round "3"]
[White "Del Forno Sinicco, Michele"]
[Black "De Poi, Paolo"]
[Result "0-1"]
[WhiteElo "1802"]
[BlackElo "2198"]
[PlyCount "100"]
[EventDate "2010.07.05"]

1. e4 c5 2. Nf3 d6 3. Bb5+ Bd7 4. Bxd7+ Qxd7 5. b3 Nc6 6. Qe2 Nf6 7. Bb2 e5 8.
O-O Be7 9. c3 O-O 10. d4 exd4 11. cxd4 cxd4 12. Nxd4 Rac8 13. Nf5 Rfe8 14. Nd2
d5 15. Bxf6 Bxf6 16. Qg4 Kh8 17. Rad1 Nd4 18. Ne3 Qxg4 19. Nxg4 Ne2+ 20. Kh1
Nc3 21. Nxf6 gxf6 22. Rde1 Nxe4 23. Nf3 Rc2 24. Kg1 Rxa2 25. Nd4 Rc8 26. f3 Ng5
27. Rf2 Ra6 28. Rd2 Ne6 29. Nf5 d4 30. Nxd4 Rd6 31. Rc2 Rxc2 32. Nxc2 Rd2 33.
Ne3 Rb2 34. Nc4 Rxb3 35. Nd6 Kg7 36. Ra1 a6 37. Nxb7 Rxb7 38. Rxa6 Rb2 39. Ra4
f5 40. h3 f4 41. Rc4 Kf6 42. Ra4 h6 43. Ra5 Rc2 44. Ra6 Kg5 45. Ra8 Nd4 46.
Ra5+ f5 47. Ra8 Ne2+ 48. Kh2 Ng3 49. Ra1 Ne2 50. Ra8 Rc1 0-1

[Event "III Open Oro Caffe'"]
[Site "Udine ITA"]
[Date "2010.07.07"]
[Round "3"]
[White "Della Pietra, Andrea"]
[Black "Cecchetto, Vanni"]
[Result "1-0"]
[WhiteElo "2170"]
[BlackElo "1948"]
[PlyCount "87"]
[EventDate "2010.07.05"]

1. d4 g6 2. c4 Bg7 3. Nc3 d6 4. e4 Nd7 5. Nge2 c5 6. d5 a6 7. Ng3 h5 8. Be2 h4
9. Nf1 h3 10. g3 Nh6 11. Ne3 b5 12. cxb5 axb5 13. Nxb5 O-O 14. O-O f5 15. exf5
gxf5 16. Nc4 Nf6 17. Bf4 Ne4 18. a4 Ba6 19. Ra3 Bxb5 20. axb5 Rxa3 21. bxa3 Nc3
22. Qd2 Ng4 23. Ne3 Nxe3 24. Qxe3 Nxe2+ 25. Qxe2 Qa8 26. Qe6+ Rf7 27. Bc1 Qa5
28. Qe2 Qa8 29. Qc4 Qb7 30. Re1 f4 31. Bxf4 e5 32. Be3 Qa8 33. a4 Qc8 34. Qe4
Qa8 35. Re2 Ra7 36. Ra2 Ra5 37. Qc4 Qc8 38. Qe4 Qa8 39. b6 c4 40. Qxc4 Qf8 41.
b7 Qf3 42. Qf1 Rxd5 43. b8=Q+ Bf8 44. Qb7 1-0

[Event "III Open Oro Caffe'"]
[Site "Udine ITA"]
[Date "2010.07.07"]
[Round "3"]
[White "Fantini, Marco"]
[Black "Bisaro, Andrea"]
[Result "1/2-1/2"]
[WhiteElo "1954"]
[BlackElo "1721"]
[PlyCount "57"]
[EventDate "2010.07.05"]

1. d4 Nf6 2. f3 d5 3. e4 dxe4 4. Nc3 exf3 5. Nxf3 e6 6. Bg5 Be7 7. Bd3 Nc6 8.
a3 h6 9. Bf4 a6 10. Qd2 b5 11. Ne2 Nd7 12. Bg3 Bd6 13. O-O Bxg3 14. Nxg3 Nf6
15. c3 Bb7 16. Rae1 O-O 17. Ne5 Nxe5 18. Rxe5 Ng4 19. Rh5 g6 20. Rxh6 Nxh6 21.
Qxh6 Qe7 22. Nh5 f5 23. Qxg6+ Kh8 24. Rf4 Qh7 25. Qg5 Qg8 26. Qh6+ Qh7 27. Qg5
Qg8 28. Qh6+ Qh7 29. Qg5 1/2-1/2

[Event "III Open Oro Caffe'"]
[Site "Udine ITA"]
[Date "2010.07.07"]
[Round "3"]
[White "Fermo, Ruggero"]
[Black "Santacroce, Fidel"]
[Result "1-0"]
[WhiteElo "1901"]
[BlackElo "1589"]
[PlyCount "60"]
[EventDate "2010.07.05"]

1. e4 c5 2. c3 d5 3. exd5 Qxd5 4. Nf3 Bg4 5. Be2 Nc6 6. O-O e6 7. Na3 Qd8 8.
Nc4 Nf6 9. h3 Bf5 10. d3 Be7 11. Ne3 Bg6 12. Nh4 O-O 13. Nxg6 hxg6 14. Qc2 a6
15. a3 Qc7 16. g3 Rfd8 17. Bd2 Rac8 18. Rac1 b5 19. a4 Qb6 20. Qd1 Ne5 21. Qc2
Qd6 22. Rcd1 Nh5 23. Ng2 bxa4 24. Be3 Qc6 25. g4 Nf6 26. f4 Ned7 27. Bf3 Qb5
28. c4 Qb3 29. Qxb3 axb3 30. Bb7 Rc7 1-0

[Event "III Open Oro Caffe'"]
[Site "Udine ITA"]
[Date "2010.07.07"]
[Round "3"]
[White "Gabassi, Cristina"]
[Black "Zavagno, Matteo"]
[Result "1-0"]
[WhiteElo "1621"]
[BlackElo "1524"]
[PlyCount "97"]
[EventDate "2010.07.05"]

1. e4 e6 2. d4 d5 3. exd5 exd5 4. Nf3 Nf6 5. Bd3 Bg4 6. Bg5 Nc6 7. c3 Qe7+ 8.
Be3 O-O-O 9. O-O Qd7 10. Nbd2 h5 11. Qc2 g6 12. Bg5 Be7 13. b4 Nh7 14. Bxe7
Qxe7 15. Rfe1 Qf6 16. a4 Ng5 17. Nxg5 Qxg5 18. b5 Bh3 19. g3 Na5 20. Re5 Qf6
21. Rae1 h4 22. R1e3 Bg4 23. Nb3 hxg3 24. Rxg3 Qh4 25. f3 Nxb3 26. fxg4 Na5 27.
Rg2 Rhe8 28. Qe2 Qh8 29. Rf2 Rxe5 30. Qxe5 Qxe5 31. dxe5 Nc4 32. Bxc4 dxc4 33.
Rxf7 Rd3 34. Rf8+ Kd7 35. Rf7+ Ke6 36. Rxc7 Rxc3 37. Rxb7 Rb3 38. Rxa7 c3 39.
Rc7 Rb1+ 40. Kf2 Rb2+ 41. Ke3 c2 42. Kd2 Ra2 43. Rxc2 Rxa4 44. Rc6+ Kxe5 45.
Rxg6 Ra2+ 46. Kc3 Rxh2 47. b6 Rh8 48. Kb4 Kd5 49. Kb5 1-0

[Event "III Open Oro Caffe'"]
[Site "Udine ITA"]
[Date "2010.07.07"]
[Round "3"]
[White "La Malfa, Stelio"]
[Black "Degano, Emanuele"]
[Result "1-0"]
[WhiteElo "1826"]
[BlackElo "1614"]
[PlyCount "37"]
[EventDate "2010.07.05"]

1. e4 c5 2. Nf3 d6 3. d4 cxd4 4. c3 dxc3 5. Nxc3 e6 6. Bc4 Be7 7. O-O Nc6 8.
Qe2 a6 9. Rd1 Qc7 10. h3 b5 11. Bb3 Nf6 12. Bf4 Ne5 13. Rac1 Bb7 14. Nd5 Nxf3+
15. Qxf3 Qd8 16. Nxe7 Qxe7 17. Bxd6 Bxe4 18. Qe3 Qb7 19. Rc7 1-0

[Event "III Open Oro Caffe'"]
[Site "Udine ITA"]
[Date "2010.07.07"]
[Round "3"]
[White "Maestri, Roberto"]
[Black "Muradore, Aldo"]
[Result "1-0"]
[WhiteElo "1768"]
[BlackElo "1575"]
[PlyCount "97"]
[EventDate "2010.07.05"]

1. e4 c5 2. d4 cxd4 3. c3 dxc3 4. Nxc3 a6 5. a4 Nc6 6. Nf3 d6 7. Bc4 Bg4 8.
Bxf7+ Kd7 9. e5 Bxf3 10. e6+ Kc8 11. Qxf3 g6 12. Be3 Bg7 13. Nd5 Qa5+ 14. Bd2
Qd8 15. O-O Nh6 16. a5 Ra7 17. Bxh6 Bxh6 18. Qc3 Kb8 19. Nb6 Ne5 20. Nd7+ Nxd7
21. exd7 Rf8 22. Be8 Rf5 23. b4 Rb5 24. Ra2 b6 25. Qc8+ Qxc8 26. dxc8=Q+ Kxc8
27. Bxb5 axb5 28. a6 Kb8 29. Rd1 Rc7 30. g3 Ka7 31. Rd5 Rc4 32. Rxb5 Rc6 33.
Rd5 Bg7 34. b5 Rc4 35. Re2 Bf6 36. Kg2 Ka8 37. f3 Kb8 38. g4 h6 39. h3 Ka7 40.
Re4 Rc2+ 41. Kg3 g5 42. Re3 Rc1 43. Re4 Rg1+ 44. Kh2 Rc1 45. Re6 Rc2+ 46. Kg3
Rc1 47. Rdxd6 Rg1+ 48. Kh2 Rb1 49. Rd7+ 1-0

[Event "III Open Oro Caffe'"]
[Site "Udine ITA"]
[Date "2010.07.07"]
[Round "3"]
[White "Menon, Michele"]
[Black "Redo, Stefano"]
[Result "0-1"]
[WhiteElo "1733"]
[BlackElo "1919"]
[PlyCount "72"]
[EventDate "2010.07.05"]

1. Nf3 c5 2. c4 Nc6 3. Nc3 Nf6 4. g3 d6 5. Bg2 e5 6. e3 Bf5 7. d3 Be7 8. O-O
O-O 9. a3 Rb8 10. d4 exd4 11. exd4 Na5 12. b3 Qb6 13. dxc5 dxc5 14. Nd2 Rfd8
15. Qf3 Bc2 16. Nd5 Nxd5 17. cxd5 Nxb3 18. Nxb3 Bxb3 19. Bf4 Bxd5 20. Qe3 Bxg2
21. Kxg2 Bd6 22. Rfd1 Bxf4 23. Qxf4 h6 24. Rab1 Qc6+ 25. f3 b6 26. Re1 Qg6 27.
Rbd1 Qc2+ 28. Kh3 Rxd1 29. Qxb8+ Kh7 30. Rxd1 Qxd1 31. Qxa7 Qxf3 32. a4 Qf1+
33. Kg4 g6 34. Kh4 Qf5 35. g4 Qf2+ 36. Kh3 Qf3+ 0-1

[Event "III Open Oro Caffe'"]
[Site "Udine ITA"]
[Date "2010.07.07"]
[Round "3"]
[White "Okhotnik, Vladimir"]
[Black "Pagnutti, Lorenzo"]
[Result "1-0"]
[WhiteElo "2467"]
[BlackElo "2095"]
[PlyCount "57"]
[EventDate "2010.07.05"]

1. d4 Nf6 2. Nf3 g6 3. Nc3 d5 4. Bf4 Bg7 5. e3 O-O 6. Be2 Nbd7 7. Ne5 c6 8. h4
h5 9. Qd2 Nxe5 10. Bxe5 b5 11. Bd3 a5 12. f3 a4 13. Ne2 Ne8 14. Bxg7 Nxg7 15.
O-O-O Qd6 16. Rdg1 e5 17. c3 Bd7 18. g4 c5 19. gxh5 Nxh5 20. dxe5 Qxe5 21. Rg5
Qf6 22. Rhg1 Qxf3 23. Ng3 Nxg3 24. R5xg3 Qh5 25. Bxg6 fxg6 26. Rxg6+ Kh8 27.
R6g5 Qf3 28. e4 Rf4 29. Qxd5 1-0

[Event "III Open Oro Caffe'"]
[Site "Udine ITA"]
[Date "2010.07.07"]
[Round "3"]
[White "Pillon, Giovanni Pietro"]
[Black "De Monte, David"]
[Result "1-0"]
[WhiteElo "1921"]
[BlackElo "1650"]
[PlyCount "55"]
[EventDate "2010.07.05"]

1. d4 Nf6 2. c4 g6 3. Nc3 Bg7 4. g3 d6 5. Bg2 O-O 6. e4 c5 7. d5 e6 8. dxe6
Bxe6 9. e5 Re8 10. exf6 Bd5+ 11. Kf1 Bxg2+ 12. Kxg2 Bxf6 13. Nf3 Nc6 14. Nd5
Bg7 15. Bg5 f6 16. Bf4 g5 17. Bd2 Re4 18. b3 g4 19. Nh4 f5 20. Nxf5 Bxa1 21.
Qxa1 Re5 22. Nh6+ Kf8 23. Nxg4 Rb8 24. Nxe5 Nxe5 25. Bf4 Ng6 26. Re1 Qd7 27.
Qf6+ Kg8 28. Qxg6+ 1-0

[Event "III Open Oro Caffe'"]
[Site "Udine ITA"]
[Date "2010.07.07"]
[Round "3"]
[White "Podgornik, Massimo"]
[Black "Trento, Giacomo"]
[Result "1-0"]
[WhiteElo "1491"]
[BlackElo "1794"]
[PlyCount "137"]
[EventDate "2010.07.05"]

1. d4 Nf6 2. Bg5 Ne4 3. Bf4 c5 4. f3 Qa5+ 5. c3 Nf6 6. Nd2 cxd4 7. Nb3 Qf5 8.
Bxb8 Rxb8 9. Qxd4 b6 10. e4 Qh5 11. Ne2 e6 12. Ng3 Qg5 13. Bc4 Bc5 14. Nxc5
bxc5 15. Qf2 d6 16. Rd1 Rb6 17. O-O O-O 18. Qd2 Qxd2 19. Rxd2 Bb7 20. Rfd1 d5
21. exd5 exd5 22. Bb3 Re8 23. Kf2 Bc6 24. Re1 Kf8 25. Rxe8+ Kxe8 26. Nf5 g6 27.
Re2+ Kf8 28. Ne3 Rb7 29. Rd2 Rd7 30. a3 a5 31. Ba2 a4 32. b4 axb3 33. Bxb3 c4
34. Bd1 Ra7 35. Ra2 Nd7 36. Ke2 Nc5 37. Bc2 Nb3 38. Kd1 Re7 39. Nf1 Ba4 40. Rb2
Rd7 41. Bxb3 cxb3 42. Nd2 d4 43. c4 Rb7 44. Ke2 Re7+ 45. Kd3 Re1 46. Kxd4 Ra1
47. Nxb3 Rxa3 48. Nc5 Bc6 49. Ne4 f5 50. Nf6 Kg7 51. Nd5 h5 52. Kc5 Be8 53. Kd6
Bf7 54. Rc2 h4 55. Nf4 Ra6+ 56. Ke5 Rc6 57. c5 g5 58. Nd3 Kg6 59. Kd4 Rc8 60.
Ne5+ Kf6 61. Nxf7 Kxf7 62. Ke5 Kg6 63. c6 g4 64. fxg4 fxg4 65. Kd6 Kf5 66. c7
Ke4 67. Kd7 Ra8 68. c8=Q Rxc8 69. Rxc8 1-0

[Event "III Open Oro Caffe'"]
[Site "Udine ITA"]
[Date "2010.07.07"]
[Round "3"]
[White "Procacci, Sergio"]
[Black "Mogranzini, Roberto"]
[Result "0-1"]
[WhiteElo "2043"]
[BlackElo "2387"]
[PlyCount "50"]
[EventDate "2010.07.05"]

1. f4 g6 2. e3 Bg7 3. Nf3 d5 4. d4 Nh6 5. Bd3 Bf5 6. c3 c6 7. Qe2 Nd7 8. Nbd2
Bxd3 9. Qxd3 Nf5 10. e4 dxe4 11. Nxe4 O-O 12. g4 Nd6 13. f5 Nxe4 14. Qxe4 Nf6
15. Qf4 Qd5 16. O-O e6 17. Ne5 exf5 18. gxf5 Nh5 19. Qh4 Bxe5 20. dxe5 Qxe5 21.
Bh6 Qc5+ 22. Rf2 Rfe8 23. Kh1 Qd5+ 24. Kg1 Re4 25. Qxh5 gxh5 0-1

[Event "III Open Oro Caffe'"]
[Site "Udine ITA"]
[Date "2010.07.07"]
[Round "3"]
[White "Tonon, Alessandro"]
[Black "Visintin, Roberto"]
[Result "1-0"]
[WhiteElo "2274"]
[BlackElo "2031"]
[PlyCount "155"]
[EventDate "2010.07.05"]

1. d4 d5 2. Nf3 Bf5 3. Bf4 e6 4. e3 Bd6 5. Bg3 Nd7 6. Nbd2 Qe7 7. c4 Ngf6 8.
Qb3 Rb8 9. Rc1 c6 10. Be2 Ne4 11. Nxe4 Bxe4 12. O-O Bxg3 13. hxg3 O-O 14. Nd2
Bg6 15. Qa4 a6 16. Qa5 Nf6 17. Rfd1 Ne4 18. Qb6 f5 19. b4 Qd8 20. Qxd8 Rfxd8
21. Nb3 Bf7 22. Na5 Be8 23. Bd3 Nd6 24. c5 Nf7 25. Rb1 Bd7 26. Rd2 b5 27. cxb6
Rxb6 28. a3 e5 29. Rc1 exd4 30. exd4 Nd6 31. Rdc2 Nb5 32. Nxc6 Bxc6 33. Rxc6
Rxc6 34. Rxc6 Nxd4 35. Rxa6 Rc8 36. b5 Rc3 37. b6 Rb3 38. a4 Kf7 39. Ra7+ Ke6
40. b7 Kd6 41. Ba6 Nc6 42. Ra8 Rb1+ 43. Kh2 Rb6 44. a5 Rb3 45. Rc8 d4 46. Kg1
Rb1+ 47. Kh2 g6 48. Rh8 d3 49. Bxd3 Rxb7 50. a6 Ra7 51. Kh3 Nb4 52. Be2 Nxa6
53. Bxa6 Rxa6 54. Rxh7 Ke6 55. g4 fxg4+ 56. Kxg4 Kf6 57. Rb7 Rc6 58. Rb5 Ra6
59. f3 Rc6 60. f4 Ra6 61. g3 Rc6 62. Kh4 Rc4 63. Rb6+ Kg7 64. Kh3 Rc2 65. Kh4
Rc4 66. Kg4 Ra4 67. Rb7+ Kf6 68. Rb8 Rc4 69. Rb6+ Kg7 70. Re6 Kf7 71. Re5 Kf6
72. Kf3 Rc3+ 73. Re3 Rxe3+ 74. Kxe3 g5 75. Ke4 gxf4 76. Kxf4 Kg6 77. Kg4 Kf7
78. Kf5 1-0

[Event "III Open Oro Caffe'"]
[Site "Udine ITA"]
[Date "2010.07.08"]
[Round "4"]
[White "Bisaro, Andrea"]
[Black "Podgornik, Massimo"]
[Result "1/2-1/2"]
[WhiteElo "1721"]
[BlackElo "1491"]
[PlyCount "37"]
[EventDate "2010.07.05"]

1. d4 Nf6 2. c4 e5 3. dxe5 Ng4 4. Bf4 Nc6 5. Nf3 Bb4+ 6. Nc3 Bxc3+ 7. bxc3 Qe7
8. Qd5 f6 9. exf6 Nxf6 10. Qd1 d6 11. e3 O-O 12. Be2 Ne4 13. Rc1 a5 14. a4 Bd7
15. Nd4 Ne5 16. O-O Nc5 17. Nb5 Bf5 18. Bxe5 dxe5 19. f3 1/2-1/2

[Event "III Open Oro Caffe'"]
[Site "Udine ITA"]
[Date "2010.07.08"]
[Round "4"]
[White "Bozza, Stefano"]
[Black "Pillon, Giovanni Pietro"]
[Result "0-1"]
[WhiteElo "1830"]
[BlackElo "1921"]
[PlyCount "76"]
[EventDate "2010.07.05"]

1. e4 e5 2. Nf3 Nc6 3. Bc4 Nf6 4. Ng5 d5 5. exd5 Nd4 6. c3 b5 7. Bf1 Nxd5 8.
cxd4 Qxg5 9. Bxb5+ Kd8 10. Qf3 Bb7 11. O-O Rb8 12. Nc3 Nf4 13. Qg3 Be7 14. dxe5
Bxg2 15. Re1 Bf3 16. d4 Qxg3+ 17. fxg3 Ne6 18. Kf2 Nxd4 19. Bd3 Bh5 20. b3 Bb4
21. Bb2 Bc5 22. Kg2 Kd7 23. h3 Rhd8 24. g4 Bg6 25. Ne4 Ne6 26. Kg3 Ke8 27. Rad1
Bd4 28. Bxd4 Rxd4 29. Nf2 Bxd3 30. Rxd3 Rxd3+ 31. Nxd3 Rd8 32. Re3 Rd5 33. Nb4
Rc5 34. a4 a5 35. Na2 Nd4 36. Kf4 Rc2 37. Nc3 Rxc3 38. Rxc3 Ne2+ 0-1

[Event "III Open Oro Caffe'"]
[Site "Udine ITA"]
[Date "2010.07.08"]
[Round "4"]
[White "Castellano, Alfonso"]
[Black "De Val, Tarcisio"]
[Result "1-0"]
[WhiteElo "1935"]
[BlackElo "1615"]
[PlyCount "84"]
[EventDate "2010.07.05"]

1. c4 Nf6 2. Nc3 g6 3. g3 Bg7 4. Bg2 O-O 5. e4 e5 6. Nge2 d6 7. d3 Nc6 8. O-O
Rb8 9. h3 a6 10. a4 Nd7 11. Be3 Nd4 12. b4 f5 13. Bxd4 exd4 14. Nb1 fxe4 15.
Bxe4 Nf6 16. Bg2 c5 17. b5 d5 18. Nd2 dxc4 19. Nxc4 Be6 20. Qc2 Nd5 21. Rab1
Nb4 22. Qd2 Bxc4 23. dxc4 axb5 24. axb5 b6 25. Nc1 Qc7 26. Nd3 Nxd3 27. Qxd3
Rbe8 28. Rfe1 Qa7 29. Bc6 Rxe1+ 30. Rxe1 Qc7 31. Re4 Be5 32. Kg2 Kg7 33. Qe2
Bf6 34. h4 h5 35. Re6 Rd8 36. Be4 Rd6 37. Re8 Rd8 38. Bd3 Rxe8 39. Qxe8 Qf7 40.
Qxf7+ Kxf7 41. f4 Ke6 42. Kf3 Kf7 1-0

[Event "III Open Oro Caffe'"]
[Site "Udine ITA"]
[Date "2010.07.08"]
[Round "4"]
[White "Cecchetto, Vanni"]
[Black "Capizzi, Biagio"]
[Result "0-1"]
[WhiteElo "1948"]
[BlackElo "1824"]
[PlyCount "106"]
[EventDate "2010.07.05"]

1. d4 d5 2. Nf3 Nf6 3. e3 e6 4. Bd3 c5 5. b3 Nc6 6. O-O Bd6 7. dxc5 Bxc5 8. Bb2
O-O 9. Nbd2 Nb4 10. Be2 Bd6 11. c4 Ne4 12. a3 Nc6 13. Qc2 f5 14. Rae1 Qe7 15.
b4 Nb8 16. Ne5 Nd7 17. Ndf3 Ndf6 18. c5 Bc7 19. a4 Bd7 20. b5 Rac8 21. c6 bxc6
22. bxc6 Be8 23. Bb5 Bh5 24. Ra1 Bd6 25. Bd4 Bxf3 26. Nxf3 e5 27. Bb2 Ne8 28.
Qe2 Rf6 29. Rfc1 Nc7 30. Bd3 Nc5 31. Rxc5 Bxc5 32. Bxe5 Rff8 33. Rb1 Bb6 34.
Bc3 Ne6 35. Ne5 Nc5 36. Bc2 Bc7 37. Nf3 f4 38. Nd4 fxe3 39. fxe3 Ne4 40. Be1
Qe5 41. Nf3 Qh5 42. Bxe4 dxe4 43. Qc4+ Kh8 44. Qxe4 Rce8 45. Qb4 Qh6 46. Bf2
Qxc6 47. Qh4 Qg6 48. Nd2 Ba5 49. Rd1 Qc2 50. Qg4 Bxd2 51. Qe2 Rxf2 52. Kxf2
Bxe3+ 53. Kf1 Rf8+ 0-1

[Event "III Open Oro Caffe'"]
[Site "Udine ITA"]
[Date "2010.07.08"]
[Round "4"]
[White "De Monte, David"]
[Black "Cicioni, Luigi"]
[Result "1-0"]
[WhiteElo "1650"]
[BlackElo "1827"]
[PlyCount "85"]
[EventDate "2010.07.05"]

1. Nf3 d5 2. g3 Nf6 3. Bg2 Nc6 4. d3 Bg4 5. O-O Qd7 6. c4 e6 7. a3 Be7 8. b4
Bxf3 9. Bxf3 Ne5 10. Bg2 dxc4 11. dxc4 Qxd1 12. Rxd1 O-O 13. Bxb7 Rad8 14. Rxd8
Rxd8 15. Nd2 Ne8 16. f4 Ng4 17. Bf3 Bf6 18. Ra2 Ne3 19. Nb3 Nxc4 20. e4 Bd4+
21. Nxd4 Rxd4 22. Kf2 Ned6 23. e5 Nb5 24. a4 Nc3 25. Rc2 Rd3 26. Be2 Nxe2 27.
Rxc4 Nxc1 28. Rxc7 g6 29. Rxc1 Rd4 30. Rb1 Kf8 31. Ke3 Rd5 32. Rc1 Ke7 33. Rc7+
Rd7 34. Rxd7+ Kxd7 35. Kd4 Kc6 36. Kc4 Kb6 37. a5+ Kc6 38. b5+ Kc7 39. Kc5 h5
40. h4 Kb7 41. Kd6 a6 42. bxa6+ Kxa6 43. Ke7 1-0

[Event "III Open Oro Caffe'"]
[Site "Udine ITA"]
[Date "2010.07.08"]
[Round "4"]
[White "De Poi, Paolo"]
[Black "Bozza, Gabriele"]
[Result "1/2-1/2"]
[WhiteElo "2198"]
[BlackElo "2000"]
[PlyCount "151"]
[EventDate "2010.07.05"]

1. e4 e5 2. Nf3 Nc6 3. Bb5 a6 4. Ba4 Nf6 5. O-O Be7 6. Re1 b5 7. Bb3 d6 8. c3
O-O 9. h3 Nb8 10. d4 Nbd7 11. Nbd2 Bb7 12. Bc2 Re8 13. Nf1 Bf8 14. Ng3 g6 15.
a4 exd4 16. cxd4 c5 17. d5 Ne5 18. Nxe5 Rxe5 19. b3 Bg7 20. Ra2 Re8 21. Bb2 Nd7
22. Bxg7 Kxg7 23. Bd3 b4 24. Rae2 Qf6 25. Bc4 Ne5 26. Qc1 Nxc4 27. bxc4 a5 28.
Re3 Ba6 29. Rf3 Qe5 30. Nf1 Rab8 31. Nd2 Bc8 32. Nb3 Ra8 33. Kh1 Bd7 34. Rg3 f6
35. f4 Qh5 36. e5 fxe5 37. fxe5 Rxe5 38. Rxe5 Qxe5 39. Re3 Qf6 40. Rf3 Bf5 41.
Qf4 h5 42. h4 Re8 43. Qg3 Re4 44. Kg1 Rg4 45. Qe1 Rxh4 46. Re3 Rg4 47. Re7+ Kh6
48. Re8 Qc3 49. Nd2 Qd4+ 50. Re3 Be4 51. g3 h4 52. Kh2 hxg3+ 53. Rxg3 Rxg3 54.
Kxg3 Qe5+ 55. Kf2 Qf4+ 56. Ke2 Qg4+ 57. Ke3 Bg2 58. Qa1 Qg3+ 59. Ke2 Qg4+ 60.
Kf2 Qf4+ 61. Ke2 Qg4+ 62. Kf2 Qf4+ 63. Ke2 Qe5+ 64. Qxe5 dxe5 65. Nb3 Bh3 66.
Nxa5 Bd7 67. Nb3 Bxa4 68. Nxc5 Be8 69. d6 Kg5 70. d7 Bxd7 71. Nxd7 Kf5 72. c5
Ke6 73. c6 e4 74. Nc5+ Kd6 75. Nxe4+ Kxc6 76. Kd2 1/2-1/2

[Event "III Open Oro Caffe'"]
[Site "Udine ITA"]
[Date "2010.07.08"]
[Round "4"]
[White "Del Cont Bernard, Emanuela"]
[Black "Maestri, Roberto"]
[Result "0-1"]
[WhiteElo "1302"]
[BlackElo "1768"]
[PlyCount "90"]
[EventDate "2010.07.05"]

1. d4 Nf6 2. c4 e5 3. dxe5 Ne4 4. Nd2 Bb4 5. e3 O-O 6. Bd3 Nc5 7. Bc2 Qg5 8.
Kf1 Qxe5 9. Rb1 Bxd2 10. Bxd2 Nc6 11. Bc3 Qe6 12. Qh5 Qxc4+ 13. Ke1 Nd3+ 14.
Bxd3 Qxd3 15. Rd1 Qg6 16. Qxg6 fxg6 17. Ne2 d6 18. f3 Be6 19. a3 Rae8 20. Kf2
Ne7 21. Rhe1 Nf5 22. e4 Nh6 23. Rc1 c6 24. Bb4 c5 25. Bc3 Bd7 26. Rcd1 Re6 27.
e5 Ng4+ 28. Kg1 Nxe5 29. Bxe5 Rxe5 30. Rxd6 Bb5 31. Kf2 Rfe8 32. Rd2 Kf7 33.
Nc3 Rxe1 34. Nxb5 R1e6 35. Nc7 R8e7 36. Nxe6 Rxe6 37. Rd7+ Re7 38. Rd2 a5 39.
Rd5 b6 40. Rd6 Re6 41. Rd7+ Kf6 42. Rc7 g5 43. g3 h5 44. h3 g6 45. g4 h4 0-1

[Event "III Open Oro Caffe'"]
[Site "Udine ITA"]
[Date "2010.07.08"]
[Round "4"]
[White "Della Pietra, Andrea"]
[Black "Tonon, Alessandro"]
[Result "1/2-1/2"]
[WhiteElo "2170"]
[BlackElo "2274"]
[PlyCount "31"]
[EventDate "2010.07.05"]

1. d4 Nf6 2. c4 e6 3. Nc3 Bb4 4. f3 c5 5. d5 O-O 6. e4 d6 7. Nge2 Re8 8. Ng3 b5
9. Be2 bxc4 10. Bxc4 Qa5 11. Bd2 Ba6 12. Bxa6 Qxa6 13. a3 Bxc3 14. Bxc3 Nbd7
15. dxe6 Rxe6 16. Kf2 1/2-1/2

[Event "III Open Oro Caffe'"]
[Site "Udine ITA"]
[Date "2010.07.08"]
[Round "4"]
[White "Muradore, Aldo"]
[Black "Degano, Emanuele"]
[Result "0-1"]
[WhiteElo "1575"]
[BlackElo "1614"]
[PlyCount "94"]
[EventDate "2010.07.05"]

1. d4 c6 2. c4 Nf6 3. a3 a5 4. Nc3 d6 5. e4 b6 6. Nf3 Nbd7 7. Bd3 Qc7 8. O-O
Bb7 9. Re1 e6 10. h3 Be7 11. Bg5 e5 12. dxe5 dxe5 13. Qc2 Nc5 14. Bf1 Ne6 15.
Be3 O-O 16. Rad1 Rad8 17. Ng5 Nxg5 18. Bxg5 Ne8 19. Be3 Nf6 20. f3 Nd7 21. Qf2
Bc5 22. Na4 Bxe3 23. Qxe3 Rb8 24. Rd2 Ba6 25. Red1 Rfd8 26. Rd6 b5 27. cxb5
Bxb5 28. Bxb5 cxb5 29. Nc3 b4 30. axb4 axb4 31. Ne2 Nb6 32. Qd3 Rxd6 33. Qxd6
Qxd6 34. Rxd6 Nc4 35. Rd5 Nxb2 36. Rxe5 b3 37. Nd4 Nd3 38. Rb5 Rxb5 39. Nxb5 b2
40. Nc3 Nc1 41. Kf1 Na2 42. Nb1 f6 43. Ke2 Kf7 44. Kd2 Ke6 45. Kc2 Ke5 46. Kxb2
Nb4 47. Kc3 Na2+ 0-1

[Event "III Open Oro Caffe'"]
[Site "Udine ITA"]
[Date "2010.07.08"]
[Round "4"]
[White "Muzzolini, Claudio"]
[Black "Pecchiari, Alberto"]
[Result "1/2-1/2"]
[WhiteElo "1809"]
[BlackElo "1613"]
[PlyCount "117"]
[EventDate "2010.07.05"]

1. d4 d5 2. Nf3 Nf6 3. c4 e6 4. Nc3 Be7 5. Bf4 O-O 6. cxd5 exd5 7. h3 Bf5 8. g4
Bd7 9. Bg2 c6 10. O-O Na6 11. Re1 Nc7 12. Ne5 Be8 13. e4 Ne6 14. Be3 dxe4 15.
Nxe4 Nd5 16. a3 a5 17. Qd2 f6 18. Nf3 f5 19. gxf5 Rxf5 20. Ng3 Rf8 21. Bh6 Ndf4
22. Bxf4 Nxf4 23. Qe3 Nxg2 24. Kxg2 Qd5 25. Qe4 Qxe4 26. Rxe4 Bf6 27. Ne5 Rd8
28. Rae1 a4 29. Nf5 Bh5 30. Ng3 Be8 31. f3 g6 32. Ne2 Bg7 33. Nf4 Bxe5 34. dxe5
Rd2+ 35. R1e2 Rxe2+ 36. Nxe2 c5 37. Kg3 Bc6 38. Re3 g5 39. f4 gxf4+ 40. Nxf4
Kf7 41. Kg4 Ke7 42. Nd3 b6 43. h4 Bd7+ 44. Kg3 Rg8+ 45. Kf3 Rf8+ 46. Nf4 Bc6+
47. Kg4 b5 48. Re2 Rg8+ 49. Kf5 Rf8+ 50. Kg5 Rf7 51. Rf2 b4 52. h5 bxa3 53.
bxa3 c4 54. Rc2 Bb5 55. Nd5+ Ke6 56. Ne3 Bc6 57. Re2 Rf3 58. Rc2 Rf7 59. h6
1/2-1/2

[Event "III Open Oro Caffe'"]
[Site "Udine ITA"]
[Date "2010.07.08"]
[Round "4"]
[White "Orsatti, Marcello"]
[Black "Panican, Gheorghe"]
[Result "1-0"]
[WhiteElo "1995"]
[BlackElo "1953"]
[PlyCount "42"]
[EventDate "2010.07.05"]

1. c4 g6 2. Nc3 Bg7 3. g3 Nc6 4. Bg2 b6 5. d3 Bb7 6. e4 e6 7. Nge2 Nge7 8. O-O
d6 9. Be3 a6 10. Qd2 h6 11. f4 Nb8 12. d4 Nd7 13. Rae1 c6 14. b4 f6 15. a4 Qc7
16. Bh3 Nf8 17. f5 O-O-O 18. fxe6 Kb8 19. Bf4 Ka8 20. c5 bxc5 21. bxc5 Rg8 1-0